Регионална библиотека "Любен Каравелов" - Русе

Нормален изглед MARC изглед
  • Атанасов - Маестро, Георги

Вход 01. Лично име

Брой записи, използвани в: 0

001 - Контролен номер на записа

  • Контролно поле: 388678

003 - Код на организацията, даваща контролен номер

  • Контролно поле: BLK

005 - Дата и час на последна промяна на записа

  • Контролно поле: 20240403085913.0

008 - Данни с фиксирана дължина – обща информация

  • Данни с фиксирана дължина : 180422|| aca||aabn | a|a d

100 ## - ИМЕ НА ЛИЦЕ -ПЪРВИЧНА ИНТЕЛЕКТУАЛНА ОТГОВОРНОСТ

  • Лично име: Атанасов - Маестро, Георги
  • Друга информация: Георгиев, Георги Атанасов (Маестро). Български музикален деец и композитор.
  • Дати, свързани с автора: 1882 - 1931
  • Пълна форма на името: Георгиев, Георги Атанасов

942 ## - Системна служебна употреба

  • Koha auth type: PERSO_NAME
Vip Innovations Ltd, Rousse, Bulgaria 2025